000 00463nam a2200181Ia 4500
001 1559
005 20260306143737.0
008 260306t2006||||xx |||||||||||||| ||spa||
041 _aESP
082 _a150.92
_bV935
100 _aVelarde Consoli, Esther
_eAUT
245 0 _aEl valor de la palabra:
_bvida y obra de Raúl González Moreyra
260 _c2006
300 _a271 páginas :
_c24 cm.
650 _aGEN
654 _aCPS
942 _cLIB
_dJUS
_fJUS
_2ddc
_n
999 _c1559
_d1559